000
00232 a2200097 4500
001
48641
100
_a
Scutts, J
245
_a
USAAF heavy bomber units ETO and MTO 1942-45
260
_a
London
_b
Osprey pub
_c
090
_c
31568
_d
31568
942
_a
NUST-CAE
_c
M
_c
23967
999
_c
283714
_d
283714